Statistics for Teams that participated in the first World Cup

Click here to take the quiz!

General Stats

  • This quiz has been taken 15 times
  • The average score is 11 of 13

Answer Stats

Answer% Correct
Brazil
100%
Uruguay
100%
Argentina
93%
France
93%
Paraguay
93%
Peru
93%
United States
93%
Chile
80%
Mexico
80%
Bolivia
73%
Belgium
67%
Yugoslavia
67%
Romania
47%

Score Distribution

Percentile by Number Answered

Percent of People with Each Score

Your Score History

You have not taken this quiz